000 00999nam0a22002651 4500
001 rc\4448324
005 20260407100620.0
021 _aRU
_b[58-54596]
035 _a(NLR Aleph) 008585161
090 _a8609668
_c8609668
100 _a20130416d1958 |||y0rusy50 ca
101 0 _arus
102 _aRU
105 _aa z |||||
200 1 _aИнформационные машины с большой быстродействующей "памятью"
_fВсесоюз. пром. выставка. Акад. наук СССР. [Всесоюз. ин-т науч. и техн. информации]
210 _a[Москва]
_cБ. и.
_d1958
215 _a[11] с.
_cил.
_d24
606 _aИнформационные машины
_2psbo
712 1 2 _aВсесоюзная промышленная выставка
_3RU\NLR\AUTH\889927087
_9349838
801 0 _aRU
_bNLR
_gpsbo
801 1 _aRU
_bELAR
_2rusmarc
852 _aNLR
_j58-7/1406
852 _aNLR
_j58-7/1923
942 _cBOOK
980 _aNB